Personal finance
Personal Finance, Ninth Edition provides many financial planning tools using a step-by-step approach to help students identify and evaluate choices as well as understand the consequences of decisions in terms of opportunity costs.
Na minha lista:
| Autor principal: | |
|---|---|
| Formato: | Livro |
| Idioma: | Undetermined |
| Publicado em: |
Boston
McGraw-Hill Irwin
2009
|
| Assuntos: | |
| Tags: |
Adicionar Tag
Sem tags, seja o primeiro a adicionar uma tag!
|
| Thư viện lưu trữ: | Trung tâm Học liệu Trường Đại học Cần Thơ |
|---|
| LEADER | 00765nam a2200193Ia 4500 | ||
|---|---|---|---|
| 001 | CTU_186939 | ||
| 008 | 210402s9999 xx 000 0 und d | ||
| 082 | |a 332.024 | ||
| 082 | |b K17 | ||
| 100 | |a Kapoor, Jack R. | ||
| 245 | 0 | |a Personal finance | |
| 245 | 0 | |c Jack R. Kapoor, Les R. Dlabay, Robert J. Hughes | |
| 260 | |a Boston | ||
| 260 | |b McGraw-Hill Irwin | ||
| 260 | |c 2009 | ||
| 520 | |a Personal Finance, Ninth Edition provides many financial planning tools using a step-by-step approach to help students identify and evaluate choices as well as understand the consequences of decisions in terms of opportunity costs. | ||
| 650 | |a Finance, Personal,Tài chính cá nhân | ||
| 910 | |a Hải | ||
| 980 | |a Trung tâm Học liệu Trường Đại học Cần Thơ | ||